Подробности
| 000 -МАРКЕР |
| контрольное поле |
01425nam2a2200313 4500 |
| 001 - ИДЕНТИФИКАТОР ЗАПИСИ |
| контрольное поле |
RU\NLR\bibl\460703 |
| 005 - ИДЕНТИФИКАТОР ВЕРСИИ |
| контрольное поле |
20250623183937.0 |
| 021 ## - НОМЕР ГОСУДАРСТВЕННОЙ РЕГИСТРАЦИИ |
| Код страны |
Российская Федерация |
| Номер |
2003-50089 |
| Номер Листа государственной регистраци |
2419 |
| 035 ## - ДРУГИЕ СИСТЕМНЫЕ НОМЕРА |
| Идентификатор записи |
(NLR Aleph) 000454165 |
| 100 ## - ДАННЫЕ ОБЩЕЙ ОБРАБОТКИ |
| Данные общей обработки |
20031117d2003 |||y0rusy50 ca |
| 101 0# - ЯЗЫК РЕСУРСА |
| Язык текста, звукозаписи и т.д. |
русский |
| 102 ## - СТРАНА ПУБЛИКАЦИИ ИЛИ ПРОИЗВОДСТВА |
| Страна публикации |
Российская Федерация |
| 105 ## - ПОЛЕ КОДИРОВАННЫХ ДАННЫХ: ТЕКСТОВЫЕ МАТЕРИАЛЫ, МОНОГРАФИЧЕСКИЕ |
| Кодированные данные о монографическом текстовом документе |
y ||||||||| |
| 200 1# - ЗАГЛАВИЕ И СВЕДЕНИЯ ОБ ОТВЕТСТВЕННОСТИ |
| Основное заглавие |
Что нужно знать каждому: наше право на отпуск, способы защиты трудовых прав, мы и ЖКХ, наше здоровье |
| 210 ## - ПУБЛИКАЦИЯ, РАСПРОСТРАНЕНИЕ И ДР. |
| Дата издания, распространения и т.д. |
2003 |
| Место издания, распространения и т.д. |
Б. м. |
| 215 ## - ФИЗИЧЕСКАЯ ХАРАКТЕРИСТИКА |
| Специфическое обозначение материала и объем |
46,[2] с. |
| 461 #0 - УРОВЕНЬ НАБОРА |
| Встроенное поле |
001RU\NLR\bibl\502705 |
| -- |
2001#$aВаш юрист$vВып. 1 |
| Системный номер (АБИС) связанной записи |
1139329 |
| Автор |
Яровая, И. А. (1966-) |
| Место публикации |
[Б. м. |
| Дата публикации |
2003 |
| Первые сведения об ответственности |
Ирина Яровая |
| Имя издателя, распространителя и т.д. |
б. и.] |
| Заглавие |
Ваш юрист |
| Номер тома |
Вып. 1 |
| 606 0# - НАИМЕНОВАНИЕ ТЕМЫ КАК ПРЕДМЕТ |
| Наименование темы |
Отпуска |
| Тематический подзаголовок |
Правовые вопросы |
| Географический подзаголовок |
Российская Федерация |
| Системный номер авторитетной/нормативной записи |
2178888 |
| Идентификатор авторитетной/нормативной записи |
RU\NLR\auth\661310416 |
| 606 0# - НАИМЕНОВАНИЕ ТЕМЫ КАК ПРЕДМЕТ |
| Наименование темы |
Трудовые права |
| Тематический подзаголовок |
Охрана |
| Географический подзаголовок |
Российская Федерация |
| Системный номер авторитетной/нормативной записи |
2281123 |
| Идентификатор авторитетной/нормативной записи |
RU\NLR\auth\661366683 |
| 606 0# - НАИМЕНОВАНИЕ ТЕМЫ КАК ПРЕДМЕТ |
| Наименование темы |
Коммунальные услуги |
| Тематический подзаголовок |
Правовое регулирование |
| Географический подзаголовок |
Российская Федерация |
| Системный номер авторитетной/нормативной записи |
2214204 |
| Идентификатор авторитетной/нормативной записи |
RU\NLR\auth\661329971 |
| 686 ## - ИНДЕКСЫ ДРУГИХ КЛАССИФИКАЦИЙ |
| Индекс |
Х627 |
| 686 ## - ИНДЕКСЫ ДРУГИХ КЛАССИФИКАЦИЙ |
| Индекс |
Х627.221 |
| 686 ## - ИНДЕКСЫ ДРУГИХ КЛАССИФИКАЦИЙ |
| Индекс |
Х623.211.8 |
| 801 #0 - ИСТОЧНИК ЗАПИСИ |
| Страна |
Российская Федерация |
| Организация |
NLR |
| Дата составления |
20031117 |
| Правила каталогизации |
PSBO |
| 801 #1 - ИСТОЧНИК ЗАПИСИ |
| Страна |
Российская Федерация |
| Организация |
NLR |
| Дата составления |
20031117 |
| 942 ## - ДОПОЛНИТЕЛЬНЫЕ ЭЛЕМЕНТЫ ЗАПИСИ (АБИС) |
| Тип экземпляра АБИС |
Книга |
| 980 ## - КОЛЛЕКЦИЯ |
| Название коллекции |
Национальная библиография |